Biggest World Cities (A-Z by Last Letter) Beginning with P - Statistics

General Stats
  • This quiz has been taken 104 times
    79 since last reset
  • The average score is 9 of 26
Answer Stats
Country Starts Place Ends Population % Correct
Australia P Perth H 1.9m
97%
France P Paris S 2.1m
95%
USA (PA) P Philadelphia A 1.6m
95%
USA (AZ) P Phoenix X 1.6m
93%
USA (OR) P Portland D 632k
93%
Italy P Palermo O 648k
87%
India P Pune E 2.9m
69%
Russia P Perm M 982k
54%
Bulgaria P Plovdiv V 340k
54%
Nigeria P Port Harcourt T 1.1m
44%
Pakistan P Peshawar R 1.2m
39%
Indonesia P Pekanbaru U 704k
16%
North Macedonia P Prilep P 74k
11%
Indonesia P Pontianak K 554k
8%
Germany P Pankow W 57k
7%
Kazakhstan P Petropavl L 201k
5%
China P Puyang G 3.6m
5%
Venezuela P Puerto la Cruz Z 370k
3%
India P Pimpri I 1.3m
2%
Philippines P Pasig City Y 617k
0%
South Africa P Piet Retief F 84k
0%
Pakistan P Pindi Gheb B 45k
0%
China P Pingdingshan N 890k
0%
Russia P Polevskaj J 64k
0%
Mauritius P Porte de Flacq Q 9k
0%
Poland P Praga {Polnoc} C 93k
0%
No matching quizzes found
Score Distribution
Percent of People with Each Score
Percentile by Number Answered
Your Score History
You have not taken this quiz since the last reset